The story i never told : (Record no. 34687)

MARC details
000 -LEADER
fixed length control field 00862nam a22002657a 4500
008 - FIXED-LENGTH DATA ELEMENTS--GENERAL INFORMATION
fixed length control field 260525b |||||||| |||| 00| 0 eng d
017 ## - LEGAL DEPOSIT NUMBER
Legal deposit number LD.0147
018 ## - LEGAL DEPOSIT YEAR
LDD Year 2025
020 ## - INTERNATIONAL STANDARD BOOK NUMBER
ISBN 9789786823737
040 ## - CATALOGING SOURCE
Original cataloging agency NLN
Language of cataloging English
Description conventions AACR2
100 ## - MAIN ENTRY--AUTHOR
Author EGBUCHULAM, Ngozi
Relator term aut
245 ## - TITLE STATEMENT
Title The story i never told :
Remainder of title the unstoppable journey of God's faithfulness /
Statement of responsibility, etc Ngozi Egbuchulam
260 ## - PUBLICATION, DISTRIBUTION, ETC. (IMPRINT)
Place of publication Abuja (Sky Memorial Complex) :
Name of publisher VJ Prints and Publishers,
Date of publication [2026?]
300 ## - COLLATION
Pagination xiv, 105p. ;
Other physical details 20cm.
563 ## - BINDING INFORMATION
Binding note (pbk.)
650 ## - TRACINGS
Main Subject Egbuchulam, Ngozi,
650 ## - TRACINGS
Main Subject Journalists
Subdivision (1st) Nigeria
Subdivision (2nd) Biography
650 ## - TRACINGS
Main Subject Reminiscing
650 ## - TRACINGS
Main Subject Christian life
650 ## - TRACINGS
Main Subject Providence and government of God
Subdivision (1st) Christianity
942 ## - ADDED ENTRY ELEMENTS (KOHA)
Item type Books
Suppress in OPAC No
050 ## - LIBRARY OF CONGRESS CALL NUMBER
Classification number DT515.83.E28
Item number A3
082 ## - DEWEY DECIMAL CLASSIFICATION NUMBER
Classification number 923.8669
Holdings
Source of classification or shelving scheme Not for loan Home library Current library Date acquired Mode of acquisition Accession No. Full call number Barcode. Copy number Koha item type
Library of Congress Classification   ABUJA LIBRARY BRANCH National Library of Nigeria 25/05/2026 Legal deposit 468097 DT515.83.E28 A3 468097 1 Books
Library of Congress Classification   ASABA BRANCH LIBRARY National Library of Nigeria 25/05/2026 Legal deposit 468096 DT515.83.E28 A3 468096 1 Books
Library of Congress Classification   MAKURDI BRANCH LIBRARY National Library of Nigeria 25/05/2026 Legal deposit 468095 DT515.83.E28 A3 468095 1 Books

National Library of Nigeria OPAC is powered by Koha